000 00477cam a2200157 4500
020 _a0713132744
082 0 0 _a658.404
_bTWO
_cL-38, P-19
100 1 _aTwort, A. C.
_96126
245 1 0 _aCivil engineering: supervision and management
_c[by] A. C. Twort.
250 _a2nd ed.
260 _aLondon,
_bEdward Arnold,
_c1972.
300 _avii, P-245
_billus., forms.
_c24 cm.
526 _a0
_b0
_c0
_d658_404000000000000_TWO
650 0 _aEngineering
_xManagement.
942 _2ddc
_cBK
999 _c548451
_d548451